000 00382nam a2200145Ia 4500
008 231129s2010||||xx |||||||||||||| ||spa||
020 _a978-958-715-466-5
040 _bspa
082 _aR 290.3 S465e
100 _aSelf David
245 0 _aEnciclopedia de las religiones del mundo
260 _c2010
264 _aSan Pablo
942 _2ddc
_cBKS
999 _c12963
_d12963